000 00476nam a2200193 a 4500
001 1769943201321
003 YourLibrary
005 20260201164119.0
008 260201s2009##################000#0#eng##
020 _a9780415964807
082 0 4 _a302.2343037
_bHOO
100 1 _aHooks, Bell,
_eauthor.
245 1 0 _aReel to Real :
260 _bRoutledge,
_c2009.
300 _a322 pages
650 0 _aHistory.
942 _cENGLISH
040 _aYourLibrary
_beng
_cYourLibrary
999 _c609934
_d609934